01001 a2200205 4500003000500000005001700005010001700022020002200039040000900061082001200070100002500082245008700107260006400194300003400258440005300292505035900345538003300704650003500737700002300772Nust20170207152506.0 a 2003054262 a081944720X (pbk.) cNust00a621.3671 aDougherty, Edward R.10aHands-on morphological image processing /cEdward R. Dougherty, Roberto A. Lotufo. aBellingham, Wash. :bSPIE Optical Engineering Press,c2003. axvi, 272 p. :bill. ;c26 cm. 0aTutorial texts in optical engineering ;vv. TT59 aBinary Erosion And Dilation Page 1, Binary Opening And Closing Page 25, Morphological Processing Of Binary Images Page 45, Hit Or Mis Transform Page 79, Gray Scale Morphology Page 91.Morphological Processing Of Gray Scale Images Page 129, Morphological Segmentation Page 163, Granulometries Page 193, Automatic Design Of Morphological Operators Page 227. aAlmirah No.24 and Shelf No.3 0aTelecommunication Engineering.1 aLotufo, Roberto A.